Europäische Geschichte nach Buchstaben - W - Statistiken

Allgemein
  • Dieses Quiz wurde 45 mal gespielt
  • Das Durchschnittsergebnis liegt bei 12 aus 20
Antwortstatistiken
Hinweis Antwort % Korrekt
Letzte Schlacht Napoleons, führte zu seiner endgültigen Niederlage und ESC-Hitsingle von ABBA Waterloo
100%
Skandinavische Seefahrer des Frühmittelalters, bekannt für Raubzüge Wikinger
97%
Im Ghetto dieser Stadt gab es 1943 einen Aufstand gegen die nationalsozialistische Besatzung, 1944 gab es einen großen Aufstand in der ganzen Stadt Warschau
95%
Bezeichnung für die deutsche Armee im Zweiten Weltkrieg Wehrmacht
95%
Ostdeutsche Residenz- und Universitätsstadt, in der Martin Luther 1517 seine 95 These publizierte Wittenberg
74%
Kongress bei der die neue politische Ordnung in Europa nach dem Fall Napoleons diskutiert wurde Wiener Kongress
69%
Dieser Fürst der Normandie eroberte 1066 England Wilhelm der Eroberer
69%
Britischer Erfinder, dessen Verbesserung der Dampfmaschine die Industrielle Revolution ermöglichte James Watt
67%
Treffen verschiedener Nazi-Funktionäre, bei der die Durchführung der "Endlösung der Judenfrage" mit Hilfe von Vernichtungslagern diskutiert und beschlossen wurde Wannseekonferenz
59%
Großes europäisches Reich, dessen letzter Kaiser Romulus Augustus durch Odoaker abgesetzt wurde Weströmisches Reich
59%
Bezeichnung für einen Krieg zwischen der Sowjetunion und Finnland in den Jahren 1939 und 1940 Winterkrieg
56%
Friedensverträge, welche 1648 den Dreißigjährigen und Achtzigjährigen Krieg beendeten Westfälischer Frieden
54%
Diese Adelsgeschlecht stellte die Monarchen von Bayern und der Pfalz vom Mittelalter bis zum Ersten Weltkrieg Wittelsbacher
49%
Großfürst der Kiewer Rus, der sich als erster Fürst der Rus taufen ließ und die Christianisierung des Landes förderte Wladimir I
46%
Bei dieser damals Stalingrad genannten Schlacht erlitt die deutsche Armee eine empfindliche Niederlage im 2. Weltkrieg Wolgograd
46%
Germanenstamm, der zur Völkerwanderung ein Königreich in Spanien gründete, welches später durch Mauren erobert wird Westgoten
38%
Dieses Adelsgeschlecht regierte unter Herzog Heinrich dem Löwen Sachsen und Bayern und war historischer Rivale der Staufer Welfen
36%
Britischer General, der die Armee kommandierte, die Napoleon bei dieser Schlacht besiegte Duke of Wellington
33%
Sächsischer Anführer, der Karl dem Großen Widerstand leistete bis er zwangsgetauft wurde Widukind
18%
Bezeichnung für skandinavischstämmige Menschen, welche im Byzantinischen Reich als Eliteeinheiten und kaiserliche Leibgarde dienten Waräger
15%
Keine übereinstimmenden Quizze gefunden
Verteilung der Resultate
Anzahl Personen mit jedem Resultat
Perzentil nach korrekt beantworteten Fragen
Ihre Resultats-Entwicklung
Sie haben dieses Quiz noch nicht gespielt